Countries Names in Spanish - Sudden Death - Statistics

General Stats
  • This quiz has been taken 84 times
  • The average score is 8 of 20
Answers on the Grid
Answers color-coded by a green-red scale on the quiz's grid according to % correct below.
Alemania
Algérie
Arabia Saudita
Bahrein
Belgio
Belice
Bhutan
Cambodge
Chypre
Cile
Comoren
Costa de Marfil
Croacia
Dinamarca
Djibouti
Emiratos Árabes
Unidos
Eslovaquia
Eslovenia
Esuatini
Fidji
Hongrie
Irlanda
Kenia
Kirguistán
Letonia
Litwa
Malesia
Mauricio
Oost-Timor
Palaos
Reino Unido
San Vicente y las
Granadinas
Suiza
Turquía
Viro
Zweden
 
Answer Stats
Answer % Correct
Alemania
86%
Arabia Saudita
55%
Emiratos Árabes
Unidos
43%
Turquía
43%
Irlanda
39%
Reino Unido
39%
San Vicente y las
Granadinas
39%
Belice
37%
Croacia
37%
Eslovaquia
37%
Eslovenia
37%
Letonia
33%
Mauricio
31%
Suiza
31%
Costa de Marfil
29%
Dinamarca
29%
Esuatini
29%
Kirguistán
29%
Kenia
27%
Palaos
22%
No matching quizzes found
Score Distribution
Percent of People with Each Score
Percentile by Number Answered
Your Score History
You have not taken this quiz